| 000 | 00803nam a2200205Ia 4500 | ||
|---|---|---|---|
| 005 | 20250507130307.0 | ||
| 008 | 008 250505s9999 xx 000 0 eng d | ||
| 037 | _aSeries Article | ||
| 040 |
_aEASL _beng _cEASL |
||
| 041 |
_aeng _2eng |
||
| 084 | _qEASL | ||
| 100 | _aRichey Jeffrey | ||
| 245 | 0 | _aSpecial Segment Berkshire Dictionary of Chinese Biography, Vol.1: Xia and Shang Dynasties through the Tang Dynasty, Vol.2: Song Dynasty through the Ming Dynasty, Vol.3: Qing Dynasty through the People's Republic of China (until 1979) | |
| 260 |
_aUSA _bAnn Arobor Association for Asian Studies Inc. USA. _c2014 |
||
| 300 | _a22-26pp. | ||
| 650 |
_aEducation-China; Education _9755117 |
||
| 700 |
_aAnderson JamesKenley David _9755118 |
||
| 942 | _cSRA | ||
| 999 |
_c1318828 _d1318828 |
||